Sistema automático para el control del proyecto VIH/SIDA Tuberculosos y Malaria en los servicios uniformados del Ministerio de Gobernación de Nicaragua que ejecuta la dirección de prevención y asistencia social.

El presente documento tiene como objetivo diseñar el prototipo de un sistema automatizado que contribuya a la eficiencia y eficacia de la ejecución de los procesos operativos del proyecto mediante el uso de las tecnologías informáticas, el desarrollo de la propuesta del sistema nace de la necesi...

Full description

Bibliographic Details
Main Authors: Delgado Trujillo, Mauricio Javier, Sánchez Castillo, Walter Matías, Vanegas Saballos, Lenin Ariel
Other Authors: Tutor: Membreño Gudiel, Yasser Ronald
Format: Tesis Section = Libro
Language:Undetermined
Spanish
Published: Managua UNI 2009
Subjects:
LEADER 01602nam a2200277Ia 4500
008 240830s9999 xx 000 0 und d
040 |a BIBLIOTECA-RUPAP Mon 025.04 D352 
041 |a spa 
082 |a Mon 025.04 D352 
100 1 |a Delgado Trujillo, Mauricio Javier 
100 1 |b  Sánchez Castillo, Walter Matías 
100 1 |c  Vanegas Saballos, Lenin Ariel 
245 1 0 |a Sistema automático para el control del proyecto VIH/SIDA Tuberculosos y Malaria en los servicios uniformados del Ministerio de Gobernación de Nicaragua que ejecuta la dirección de prevención y asistencia social. 
260 |a Managua  |b UNI  |c 2009 
300 |a 166 p. :il. 
500 |a Contiene: anexos. 
502 |a Tesis (Ingeniero de Sistemas)- UNI, 2009. 
520 3 |a El presente documento tiene como objetivo diseñar el prototipo de un sistema automatizado que contribuya a la eficiencia y eficacia de la ejecución de los procesos operativos del proyecto mediante el uso de las tecnologías informáticas, el desarrollo de la propuesta del sistema nace de la necesidad de recopilar la información de los procesos actuales del proyecto, identificando cada proceso, describiendo los casos secuenciales de los flujos de trabajo del sistema actual. 
650 7 |a SISTEMA DE INFORMACION AUTOMATIZADO - DIRECCIÓN DE PREVENCIÓN Y ASISTENCIA SOCIAL 
650 7 |b ANÁLISIS Y DISEÑO DE SISTEMAS - PROTOTIPO 
650 7 |c GESTOR DE DATOS - SQL SERVER 2000 
650 7 |d INTERFAZ GRAFICA - JAVA 
700 1 |a Tutor:  |b Membreño Gudiel, Yasser Ronald 
942 |c BK  |2 ddc 
991 |a TESIS 
999 |c 15371